000 00510nam a2200181 4500
001 116996
003 ES-MaACL
005 20230906190815.0
007 t|
008 070228s1969 sp r ||||1| spa d
100 1 _aPayne, Robert.
_989728
245 1 0 _aMarx /
_cRobert Payne ; Baldomero Porta, traducción.
250 _a1ª ed.
260 _aBarcelona [etc.] :
_bBruguera,
_c1969.
300 _a528 p., 12 lám. ;
_c24 cm.
700 1 _aPorta, Baldomero.
_993173
852 _aES-MaACL
_jC-46685
_bR.70792
999 _c116996
_d116996